Statistics for Countries with the Largest Pet Fish Population

Click here to take the quiz!

General Stats

  • This quiz has been taken 109 times
  • The average score is 15 of 20

Answer Stats

PopulationCountry% Correct
57,750,000USA
99%
20,000,000UK
91%
20,500,000Australia
88%
37,300,000France
88%
2,000,000Germany
87%
1,540,000Italy
85%
170,000Spain
84%
26,500,000Brazil
81%
770,000Russia
81%
262,000Sweden
81%
74,000Portugal
71%
1,678,000New Zealand
69%
38,000Greece
65%
708,000Netherlands
65%
71,000Austria
64%
231,000Poland
64%
169,000Switzerland
63%
146,000Belgium
62%
58,000Hungary
44%
96,000Romania
42%

Score Distribution

Percentile by Number Answered

Percent of People with Each Score

Your Score History

You have not taken this quiz